Quick Pick: 'L' Capitals Quiz Stats

 Plays Quiz Updated Feb 23, 2018

Score 0/11 Timer 01:30
5 Plays Today
% Correct
London
97.6%
Luxembourg
96.4%
Lima
94.2%
Lisbon
94%
La Paz
86%
Ljubljana
79.8%
Lomé
65.6%
Lilongwe
61%
Luanda
58.6%
Libreville
52.8%
Lusaka
51.1%

Today's Daily Dose

Missing Word
Wicked Songs

Word Ladder
Blue Ivies

Get the Picture
Green on the Flag?

You're not logged in!

Compare scores with friends on all Sporcle quizzes.
OR
Log In

You Might Also Like...

Show Comments

Extras

Top Quizzes Today


Score Distribution

Your Account Isn't Verified!

In order to create a playlist on Sporcle, you need to verify the email address you used during registration. Go to your Sporcle Settings to finish the process.

Report this User

Report this user for behavior that violates our Community Guidelines.

Details: